000 004350000a22001810004500
003 MACL
005 20160128121256.0
008 160128b xxu||||| |||| 00| 0 eng d
040 _aMACL
_cMACL
041 _aEnglish
082 _a954/AJA
100 _aAjaz, Dr. S M
_933586
245 _aIndian History
260 _bBright Careers institute
_c2001
_aDelhi
350 _a125
650 _aHistory
_934759
942 _cBK
_k954/Aja
_2ddc
999 _c31543
_d31543